00507pab a2200169 454500008004000000100001700040245009800057260000900155300001400164362001200178650002000190650002700210650002300237650002600260650001200286773003900298180718b2004 xxu||||| |||| 00| 0 eng d aPapola, T.S. aGlobalisation, employment and social protection: emerging perspectives for the Indian workers c2004 ap.541-50. aJul-Sep aWorkers - India aSocial welfare - India aEmployment - India aGlobalization - India aWorkers aIndian journal of Labour Economics